Normal view
MARC view
Entry Corporate Name
001 - CONTROL NUMBER
- control field: 9481
003 - CONTROL NUMBER IDENTIFIER
- control field: ARRUPE
005 - DATE AND TIME OF LATEST TRANSACTION
- control field: 20140326171745.0
008 - FIXED-LENGTH DATA ELEMENTS
- fixed length control field: 140326|| aca||aabn | a|a d
040 ## - CATALOGING SOURCE
- Original cataloging agency: ARRUPE
- Transcribing agency: ARRUPE
110 ## - HEADING--CORPORATE NAME
- Corporate name or jurisdiction name as entry element: Commonwealth of Nations.
670 ## - SOURCE DATA FOUND
- Source citation: Work cat.: (ARRUPE)0: Pollet, Maurice. 9480, L'Afrique du Commonwealth., [1963]